| 000 | 00412nam a2200181Ia 4500 | ||
|---|---|---|---|
| 008 | 210210b1957 xxu||||| |||| 00| 0 eng d | ||
| 041 | _aeng | ||
| 082 | _a940/94 | ||
| 100 | _aGOVERNMENT OF DENMARK | ||
| 245 | _aShort history of Denmark | ||
| 260 |
_aCopenhagen _b- _c1957 |
||
| 650 | _aShort | ||
| 650 | _aof | ||
| 650 | _ahistory | ||
| 650 | _aDenmark | ||
| 690 | _aEuropean History | ||
| 906 | _a025164 | ||
| 999 |
_c151013 _d151013 |
||